| 000 | 00579pam a2200205 a 4500 | ||
|---|---|---|---|
| 020 |
_a0781767245 _c4910.50 |
||
| 041 |
_aeng _hNULL |
||
| 082 |
_a618.2 _bSPE/FRI |
||
| 100 | _aSPEROFF, L.,FRITZ M.A. | ||
| 245 |
_aCLINICAL GYNECOLOGIC ENDOCRINOLOGY AND INFERTILITY / _cNULL. _hTextual Documents |
||
| 250 |
_a7ED / _b. |
||
| 260 |
_aNULL : _bJAYPEE BROTHERS & LIPPINCOTT WILL. , _c2005. |
||
| 300 |
_a1334 : : _bX ; ; _cA4 . + _eHB. |
||
| 365 |
_a4910.50 _e1 |
||
| 700 | _aFRITZ, M . | ||
| 907 | _a4937 | ||
| 930 | _a1974 | ||
| 999 |
_c796510 _d796510 |
||
| 650 | _aOBST.GYNE | ||